000 00661nam a2200193 i 4500
001 184665
003 ES-MaACL
005 20250827062642.0
008 151105s1860 sp |||| | spa d
110 1 _aEspaña
_93622
240 1 0 _aLey Orgánica del Consejo de Estado, 1860
245 1 0 _aLey Orgánica del Consejo de Estado.
260 _a[Madrid :
_bs.n.,
_c1860?]
300 _a16 p. ;
_c21 cm.
594 _aTít. tomado de principio del texto
610 1 4 _aEspaña.
_bConsejo de Estado
_93644
852 4 _aES-MaACL
_jT-139-F-2
_z- Enc. en un vol. facticio, falto de cub. original y port.
_z- Donat. Gallardo
999 _c184665
_d184665